Évolution logo Nintendo - Clic Quiz - Statistiques

Statistiques générales
  • Ce quiz a été pris 128 fois
    109 depuis la dernière actualisation
  • Le résultat moyen est 4 sur 9
Statistiques - réponses
Hint Réponse % Correct
2016 - présent
83%
1889 - 1950
77%
2006 - 2016
48%
1950 - 1960
46%
1983 - 2008
29%
1960 - 1964
28%
1977 - 1983
17%
1970 - 1975
14%
1965 - 1970
9%
Aucun quiz correspondant
Distribution des résultats
% des personnes avec chaque résultat
Percentile par nombre de réponses
Votre historique - résultats
Vous n’avez pas pris ce quiz depuis la dernière actualisation